00603 a2200181 4500003000400000005001700004008004100021020001800062040000900080082001900089100002700108245004800135260003900183300000900222942004400231952012900275999001700404OSt20231223120639.0231223b |||||||| |||| 00| 0 eng d a9789350723388 coclc a891.431bKUM/J aKumar, Dushyant910205 aJALTE HUE VAN KA VASANT /cDushyant Kumar,  aNew Delhi:bVani Prakashan,c2017. a111p 2ddccBKh891.431iKUM/Jk891.431mKUM/J 00102ddc40708POEaMESbMEScHINd2023-12-23l0o891.431 KUM/Jp43180r2023-12-23 12:06:21v125.00w2023-12-23yBKzGR6R5 c43546d43546